[Event "43. Olimpiada Batumi 2018 Femenina"]
[Site "Batumi GEO"]
[Date "2018.09.27"]
[Round "4.3"]
[White "Toubal, Hayat"]
[Black "Rakic, Tijana"]
[Result "0-1"]
[WhiteElo "1862"]
[BlackElo "1651"]
[PlyCount "124"]
[EventDate "2018.09.24"]
[EventType "team-swiss"]
[EventRounds "11"]
[EventCountry "GEO"]
[SourceTitle "Ajedrez en Madrid"]
[Source "lmi"]
[SourceDate "2018.09.24"]
[WhiteTeam "Algeria"]
[BlackTeam "Montenegro"]
[WhiteTeamCountry "ALG"]
[BlackTeamCountry "MNE"]

1. d4 Nf6 2. Nf3 c5 3. e3 d5 4. c3 Bg4 5. dxc5 e6 6. Qa4+ Nbd7 7. Ne5 Bf5 8.
Bb5 Bxc5 9. Nd2 a6 10. Nxd7 Nxd7 11. Bxd7+ Qxd7 12. Qxd7+ Kxd7 13. Nf3 Bd6 14.
Nd4 Bg6 15. O-O Rac8 16. Bd2 e5 17. Ne2 Bd3 18. Rfe1 Rc6 19. Ng3 Rhc8 20. e4
dxe4 21. Nxe4 Bxe4 22. Rxe4 f5 23. Re2 b5 24. b4 Ke6 25. Re3 Kf7 26. g3 e4 27.
a4 Be5 28. axb5 axb5 29. Ra3 Rd8 30. Ra2 Rd3 31. Rc2 Bd6 32. Ra2 Be5 33. Rc2
Rcd6 34. Re2 Ke6 35. Kf1 Rc6 36. Re3 Kd5 37. Ke2 Kc4 38. f3 Kb3 39. Rc1 Rxe3+
40. Kxe3 exf3 41. Rb1+ Kc2 42. Rc1+ Kb2 43. Kxf3 Bxc3 44. Rd1 Kc2 45. Bxc3 Kxd1
46. Bxg7 Rc4 47. Bf8 Kd2 48. h3 Kc3 49. h4 Rxb4 50. Bxb4+ Kxb4 51. Kf4 Kc4 52.
Kxf5 b4 53. Kg5 b3 54. Kh6 b2 55. Kxh7 b1=Q+ 56. Kh6 Qf5 57. g4 Qxg4 58. h5 Kd5
59. Kh7 Qxh5+ 60. Kg7 Ke6 61. Kg8 Qf7+ 62. Kh8 Qa7 0-1

[Event "43. Olimpiada Batumi 2018 Femenina"]
[Site "Batumi GEO"]
[Date "2018.09.27"]
[Round "4.4"]
[White "Radosevic, Nevena"]
[Black "Nassr, Rania"]
[Result "1/2-1/2"]
[WhiteElo "1600"]
[BlackElo "1901"]
[PlyCount "141"]
[EventDate "2018.09.24"]
[EventType "team-swiss"]
[EventRounds "11"]
[EventCountry "GEO"]
[SourceTitle "Ajedrez en Madrid"]
[Source "lmi"]
[SourceDate "2018.09.24"]
[WhiteTeam "Montenegro"]
[BlackTeam "Algeria"]
[WhiteTeamCountry "MNE"]
[BlackTeamCountry "ALG"]

1. d4 d5 2. c4 e6 3. Nc3 Nf6 4. Nf3 Be7 5. Bg5 O-O 6. e3 b6 7. Bd3 dxc4 8. Bxc4
Bb7 9. O-O a6 10. a3 h6 11. Bh4 b5 12. Bd3 c5 13. Bxf6 Bxf6 14. Be4 Qb6 15.
dxc5 Qc7 16. Bxb7 Qxb7 17. Qc2 b4 18. Ne4 Be7 19. axb4 Qxb4 20. Ra4 Qb7 21. Nd4
Rc8 22. Rc4 Nc6 23. Nxc6 Rxc6 24. Rd1 f5 25. Nd6 Qc7 26. h3 Rd8 27. b3 Qb8 28.
e4 Bxd6 29. cxd6 Rcxd6 30. Rxd6 Qxd6 31. exf5 exf5 32. Qxf5 Qd1+ 33. Kh2 Qxb3
34. Qe6+ Kh8 35. Qxa6 Qb8+ 36. g3 Rf8 37. Rc2 Qb3 38. Qe2 Qf7 39. Rb2 Re8 40.
Qd1 Ra8 41. Kg2 Qf6 42. Qf3 Qxb2 43. Qxa8+ Kh7 44. Qe4+ Kh8 45. Qe8+ Kh7 46.
Qf7 Qc2 47. g4 Qc6+ 48. Qf3 Qe8 49. h4 Qd8 50. Qf5+ Kh8 51. g5 Qa8+ 52. Qf3 Qe8
53. Qg3 Qe4+ 54. Kh2 Qg6 55. gxh6 Qxh6 56. Qb8+ Kh7 57. Qb1+ Kh8 58. Qe4 Kg8
59. Qg4 Qd6+ 60. Kg1 Qc6 61. h5 Qc1+ 62. Kg2 Qc6+ 63. f3 Kh8 64. Qg6 Qc1 65.
Qe8+ Kh7 66. Qe4+ Kg8 67. Qg6 Kh8 68. Kg3 Qg1+ 69. Kf4 Qc1+ 70. Ke4 Qc4+ 71.
Ke5 1/2-1/2

[Event "43. Olimpiada Batumi 2018 Femenina"]
[Site "Batumi GEO"]
[Date "2018.09.27"]
[Round "4.1"]
[White "Figueroa, Julissa"]
[Black "Melnik, Galina"]
[Result "1/2-1/2"]
[WhiteElo "1666"]
[BlackElo "1872"]
[PlyCount "81"]
[EventDate "2018.09.24"]
[EventType "team-swiss"]
[EventRounds "11"]
[EventCountry "GEO"]
[SourceTitle "Ajedrez en Madrid"]
[Source "lmi"]
[SourceDate "2018.09.24"]
[WhiteTeam "Barbados"]
[BlackTeam "IPCA"]
[WhiteTeamCountry "BAR"]

1. e4 c6 2. d4 d5 3. Nc3 dxe4 4. Nxe4 Bf5 5. Ng3 Bg6 6. Nf3 Nd7 7. h4 h6 8. h5
Bh7 9. Bd3 Bxd3 10. Qxd3 e6 11. Bd2 Ngf6 12. O-O-O Qc7 13. Ne4 O-O-O 14. g3
Nxe4 15. Qxe4 Nf6 16. Qe2 Bd6 17. c4 c5 18. Bc3 Rhe8 19. Kb1 a6 20. a3 Qc6 21.
Rh4 Bc7 22. Ne5 Bxe5 23. dxe5 Rxd1+ 24. Qxd1 Ne4 25. Qc2 Nxc3+ 26. Qxc3 Rd8 27.
Ka2 Rg8 28. Rf4 Qc7 29. Qf3 Rf8 30. Qe4 Kb8 31. Rf3 Rd8 32. Qf4 Rd7 33. Rc3 Rd4
34. Qe3 Qd7 35. f4 Qa4 36. Qe2 Qd1 37. Qg2 Rd3 38. Rxd3 Qxd3 39. b3 Kc7 40. Qf2
b6 41. g4 1/2-1/2

[Event "43. Olimpiada Batumi 2018 Femenina"]
[Site "Batumi GEO"]
[Date "2018.09.27"]
[Round "4.2"]
[White "Aleksandrova, Aleksandra"]
[Black "Blackman, Katrina"]
[Result "1-0"]
[WhiteElo "1801"]
[BlackElo "1755"]
[PlyCount "133"]
[EventDate "2018.09.24"]
[EventType "team-swiss"]
[EventRounds "11"]
[EventCountry "GEO"]
[SourceTitle "Ajedrez en Madrid"]
[Source "lmi"]
[SourceDate "2018.09.24"]
[WhiteTeam "IPCA"]
[BlackTeam "Barbados"]
[BlackTeamCountry "BAR"]

1. d4 e6 2. Nd2 f5 3. c3 Nf6 4. e3 d5 5. Bd3 Bd6 6. Ne2 O-O 7. Nf1 b6 8. Qc2 c5
9. b3 Nc6 10. Bb2 cxd4 11. exd4 Bd7 12. Rc1 Rc8 13. Qb1 Be8 14. f3 Nh5 15. g3
Nf6 16. Kf2 Ne4+ 17. Kg2 Nf6 18. Re1 Bh5 19. Ng1 Qd7 20. a3 Qf7 21. c4 Na5 22.
Nh3 h6 23. c5 Bb8 24. Bc3 Nb7 25. b4 Nd6 26. Nf4 Rfe8 27. Qb3 Nb7 28. Nxh5 Qxh5
29. Ba6 Rc7 30. Bd2 Rce7 31. Bb5 Rf8 32. Ne3 Qf7 33. Nd1 Nd8 34. Nf2 bxc5 35.
bxc5 Rb7 36. Qd3 Qc7 37. Ba6 Rb2 38. Bc1 Rxf2+ 39. Kxf2 Nh5 40. Bd2 Nc6 41.
Rxe6 Nf6 42. Rhe1 Ne4+ 43. Kg2 Nxg3 44. Rxc6 Qxc6 45. hxg3 Qg6 46. f4 h5 47.
Bb7 Qf7 48. Qb3 Rd8 49. Ba5 Bc7 50. Bxc7 Qxc7 51. Bxd5+ Kh8 52. Qf3 g6 53. Re6
Kg7 54. Qe3 Qb8 55. Re7+ Kh6 56. Rb7 Re8 57. Rxb8 Rxe3 58. Rb3 Re2+ 59. Kf3 Rd2
60. Ke3 Rd1 61. Bf3 Rg1 62. Kf2 Rc1 63. c6 Kg7 64. d5 Kf6 65. d6 Ke6 66. d7 Ke7
67. Re3+ 1-0

[Event "43. Olimpiada Batumi 2018 Femenina"]
[Site "Batumi GEO"]
[Date "2018.09.27"]
[Round "4.3"]
[White "Greenidge, Vanessa"]
[Black "Kaydanovich, Marina"]
[Result "0-1"]
[WhiteElo "1492"]
[BlackElo "1725"]
[PlyCount "70"]
[EventDate "2018.09.24"]
[EventType "team-swiss"]
[EventRounds "11"]
[EventCountry "GEO"]
[SourceTitle "Ajedrez en Madrid"]
[Source "lmi"]
[SourceDate "2018.09.24"]
[WhiteTeam "Barbados"]
[BlackTeam "IPCA"]
[WhiteTeamCountry "BAR"]

1. d4 Nf6 2. c4 e6 3. Nc3 d5 4. cxd5 exd5 5. Bg5 c6 6. e3 Qb6 7. Rb1 Bf5 8. Bd3
Ne4 9. Bf4 Bg6 10. Nf3 Bd6 11. Bxd6 Nxd6 12. Ne5 Bxd3 13. Nxd3 Nd7 14. O-O O-O
15. b4 Nf6 16. a4 a6 17. a5 Qd8 18. Na4 Nfe4 19. Nac5 Nc3 20. Qg4 Nxb1 21. Rxb1
Qe7 22. Nf4 f5 23. Qh3 Rf6 24. Qh4 Re8 25. Nfd3 Nc4 26. Nb2 Nxb2 27. Rxb2 f4
28. Rb3 Qf7 29. f3 fxe3 30. Qe1 e2 31. Rb2 Qe7 32. Rd2 Qe3+ 33. Kh1 Qxd2 34.
Qxd2 e1=Q+ 35. Qxe1 Rxe1# 0-1

[Event "43. Olimpiada Batumi 2018 Femenina"]
[Site "Batumi GEO"]
[Date "2018.09.27"]
[Round "4.4"]
[White "Sovietova, Kateryna"]
[Black "Murray, Donna"]
[Result "0-1"]
[WhiteElo "1353"]
[BlackElo "1318"]
[PlyCount "178"]
[EventDate "2018.09.24"]
[EventType "team-swiss"]
[EventRounds "11"]
[EventCountry "GEO"]
[SourceTitle "Ajedrez en Madrid"]
[Source "lmi"]
[SourceDate "2018.09.24"]
[WhiteTeam "IPCA"]
[BlackTeam "Barbados"]
[BlackTeamCountry "BAR"]

1. d4 e6 2. Bf4 Nf6 3. h3 d5 4. e3 Bd6 5. Bxd6 Qxd6 6. Nd2 b6 7. Ngf3 Bb7 8.
Bd3 Nbd7 9. O-O O-O 10. Rc1 c5 11. c3 Rac8 12. Qc2 h6 13. Rfe1 c4 14. Bf1 b5
15. b3 cxb3 16. axb3 a6 17. Qb2 Nb6 18. c4 dxc4 19. bxc4 Na4 20. Qb3 Ne4 21.
Nxe4 Bxe4 22. Nd2 Bc6 23. cxb5 axb5 24. Bxb5 Nb6 25. Bxc6 Rxc6 26. Rxc6 Qxc6
27. Rb1 Nd5 28. Qc4 Qa8 29. e4 Rc8 30. Qd3 Nf4 31. Qf1 Qa2 32. Nf3 Qa3 33. Re1
Nxh3+ 34. gxh3 Qxf3 35. Qg2 Qc3 36. Rd1 Rd8 37. Qg3 Qc2 38. Rd3 Qc4 39. Qe3 Rb8
40. Rc3 Qa2 41. Kf1 Rb1+ 42. Kg2 Qa6 43. Rc1 Rb2 44. d5 exd5 45. exd5 Qg6+ 46.
Qg3 Qe4+ 47. Qf3 Qg6+ 48. Kh2 Qd6+ 49. Kg2 Rd2 50. Rc6 Qxd5 51. Qxd5 Rxd5 52.
f4 Kf8 53. Rc3 Ke7 54. Kf3 Kf6 55. Ke4 Ra5 56. Rc6+ Ke7 57. f5 f6 58. Rc4 Re5+
59. Kd4 Rxf5 60. Rc7+ Kf8 61. Ke4 Re5+ 62. Kd4 Kg8 63. Rc3 Kh7 64. h4 Kg6 65.
Re3 Rxe3 66. Kxe3 Kh5 67. Kf4 Kxh4 68. Kf5 g5 69. Ke4 Kg4 70. Ke3 Kg3 71. Ke2
f5 72. Ke3 g4 73. Ke2 f4 74. Kf1 h5 75. Ke2 Kg2 76. Kd3 f3 77. Ke4 f2 78. Kf5
f1=Q+ 79. Kg5 Qb5+ 80. Kh4 Kf1 81. Kg3 Qd3+ 82. Kh4 Qf5 83. Kg3 Ke2 84. Kh4 Ke3
85. Kg3 Qg5 86. Kg2 h4 87. Kh2 Kf2 88. Kh1 Qd5+ 89. Kh2 Qg2# 0-1

[Event "43. Olimpiada Batumi 2018 Femenina"]
[Site "Batumi GEO"]
[Date "2018.09.27"]
[Round "4.1"]
[White "Zsiltzova-Lisenko, Lubov"]
[Black "Rania, Sbai"]
[Result "1-0"]
[WhiteElo "2214"]
[BlackElo "1893"]
[PlyCount "119"]
[EventDate "2018.09.24"]
[EventType "team-swiss"]
[EventRounds "11"]
[EventCountry "GEO"]
[SourceTitle "Ajedrez en Madrid"]
[Source "lmi"]
[SourceDate "2018.09.24"]
[WhiteTeam "IBCA"]
[BlackTeam "Morocco"]
[BlackTeamCountry "MAR"]

1. e4 e5 2. Nf3 Nc6 3. Bb5 a6 4. Bxc6 dxc6 5. O-O Bd6 6. d4 exd4 7. Qxd4 f6 8.
Be3 Be6 9. Nbd2 Ne7 10. Qc3 Ng6 11. Nc4 Bxc4 12. Qxc4 Qe7 13. Rfe1 O-O-O 14.
Rad1 Rhe8 15. Bd4 Qe6 16. Qxe6+ Rxe6 17. Bc3 Rde8 18. Nd2 Bf8 19. f3 Ne5 20.
Bxe5 Rxe5 21. f4 R5e6 22. Re2 g6 23. Kf2 Bh6 24. Kf3 g5 25. g3 f5 26. e5 gxf4
27. gxf4 Rg8 28. h3 Reg6 29. Nf1 Bf8 30. a3 Rh6 31. Rh2 Rh4 32. Ne3 Bh6 33. Ng2
Rh5 34. Rd3 Rd8 35. Rxd8+ Kxd8 36. Rh1 Ke7 37. Ne3 Ke6 38. h4 Bf8 39. Kg3 Be7
40. Nf1 Bd8 41. Nd2 Be7 42. Nc4 b6 43. Nd2 Kd5 44. Nf3 c5 45. Rh2 Rh6 46. h5
Re6 47. Rd2+ Kc6 48. Ng5 Rh6 49. Rh2 Kd7 50. Kf3 Kc6 51. Nf7 Re6 52. Rg2 b5 53.
Rg7 b4 54. a4 c4 55. Rxh7 b3 56. cxb3 cxb3 57. Ng5 Rxe5 58. fxe5 Bxg5 59. Rg7
Bc1 60. h6 1-0

[Event "43. Olimpiada Batumi 2018 Femenina"]
[Site "Batumi GEO"]
[Date "2018.09.27"]
[Round "4.2"]
[White "Makhlouf, Ahlam"]
[Black "Debowska, Teresa"]
[Result "1-0"]
[WhiteElo "1408"]
[BlackElo "1799"]
[PlyCount "109"]
[EventDate "2018.09.24"]
[EventType "team-swiss"]
[EventRounds "11"]
[EventCountry "GEO"]
[SourceTitle "Ajedrez en Madrid"]
[Source "lmi"]
[SourceDate "2018.09.24"]
[WhiteTeam "Morocco"]
[BlackTeam "IBCA"]
[WhiteTeamCountry "MAR"]

1. e4 g6 2. d4 c5 3. c3 b6 4. Bc4 Bb7 5. f3 Bg7 6. Ne2 e6 7. d5 e5 8. d6 Nf6 9.
Na3 a6 10. Bg5 b5 11. Bd5 Nc6 12. Be3 c4 13. O-O Nxd5 14. Qxd5 Rb8 15. Qd2 h6
16. Nc2 a5 17. f4 exf4 18. Nxf4 Ne5 19. Nd5 Bxd5 20. Qxd5 O-O 21. Bxh6 Bxh6 22.
Qxe5 Bg7 23. Qf4 Qb6+ 24. Kh1 Qc5 25. Rad1 Be5 26. Qd2 Rb6 27. Qe3 Qxe3 28.
Nxe3 Rxd6 29. Ng4 Re8 30. Rxd6 Bxd6 31. Nf6+ Kf8 32. Nxe8 Kxe8 33. Rd1 Bc5 34.
Rd5 d6 35. e5 b4 36. exd6 Bb6 37. Rb5 bxc3 38. bxc3 Bd8 39. Kg1 Kd7 40. Rb7+
Ke6 41. d7 f5 42. Kf2 Kd6 43. h3 Kc6 44. Rb8 Kxd7 45. Rxd8+ Kxd8 46. Ke3 Kc7
47. Kd4 Kc6 48. Kxc4 g5 49. a3 f4 50. a4 Kb6 51. Kd5 Ka6 52. Kc6 Ka7 53. c4 Ka6
54. c5 Ka7 55. Kc7 1-0

[Event "43. Olimpiada Batumi 2018 Femenina"]
[Site "Batumi GEO"]
[Date "2018.09.27"]
[Round "4.3"]
[White "Zarubinskaya, Irina"]
[Black "Ibrahimi, Khadija"]
[Result "1/2-1/2"]
[WhiteElo "1772"]
[BlackElo "1531"]
[PlyCount "65"]
[EventDate "2018.09.24"]
[EventType "team-swiss"]
[EventRounds "11"]
[EventCountry "GEO"]
[SourceTitle "Ajedrez en Madrid"]
[Source "lmi"]
[SourceDate "2018.09.24"]
[WhiteTeam "IBCA"]
[BlackTeam "Morocco"]
[BlackTeamCountry "MAR"]

1. e4 e5 2. Bc4 Nf6 3. d3 Bc5 4. Nc3 h6 5. h3 d6 6. Be3 Bb6 7. Nf3 Nc6 8. O-O
O-O 9. Nd5 Nxd5 10. Bxd5 Ne7 11. Bb3 Ng6 12. Qd2 Nh4 13. Nxh4 Qxh4 14. Bxb6
axb6 15. f4 exf4 16. Rxf4 Qe7 17. Raf1 Be6 18. Qc3 Bxb3 19. axb3 Ra5 20. Rg4 f6
21. b4 Re5 22. Rgf4 Re8 23. Rf5 c6 24. Rxe5 Qxe5 25. Qxe5 fxe5 26. Ra1 Kf7 27.
Kf2 Ke6 28. Ke3 Rf8 29. Ra7 Rf7 30. c4 Rd7 31. g4 Rf7 32. Ke2 Rd7 33. Ke3
1/2-1/2

[Event "43. Olimpiada Batumi 2018 Femenina"]
[Site "Batumi GEO"]
[Date "2018.09.27"]
[Round "4.4"]
[White "Alaoui Belghiti, Chaimaa"]
[Black "Vaishali Nrendra, Salavkar"]
[Result "1-0"]
[WhiteElo "1689"]
[BlackElo "1357"]
[PlyCount "61"]
[EventDate "2018.09.24"]
[EventType "team-swiss"]
[EventRounds "11"]
[EventCountry "GEO"]
[SourceTitle "Ajedrez en Madrid"]
[Source "lmi"]
[SourceDate "2018.09.24"]
[WhiteTeam "Morocco"]
[BlackTeam "IBCA"]
[WhiteTeamCountry "MAR"]

1. c4 e5 2. Nc3 Nf6 3. d3 d5 4. cxd5 Nxd5 5. Nf3 Nc6 6. g3 Bb4 7. Bd2 O-O 8.
Bg2 Nxc3 9. bxc3 Bd6 10. O-O Bd7 11. Qc2 Rb8 12. d4 f6 13. d5 Ne7 14. c4 c6 15.
c5 Bxc5 16. Qxc5 b6 17. Qc4 cxd5 18. Qb3 Kh8 19. Bb4 Bc6 20. Rac1 Bb7 21. Qa3
Re8 22. Qxa7 Nc6 23. Qa4 Ra8 24. Qb3 Nxb4 25. Qxb4 Rxa2 26. e3 Ba6 27. Rfd1 Ra5
28. Nh4 Rb5 29. Qg4 Bc8 30. Qh5 Kg8 31. Bxd5+ 1-0

[Event "43. Olimpiada Batumi 2018 Femenina"]
[Site "Batumi GEO"]
[Date "2018.09.27"]
[Round "4.1"]
[White "Ptacnikova, Lenka"]
[Black "Ordaz Valdes, Lisandra Teresa"]
[Result "0-1"]
[WhiteElo "2211"]
[BlackElo "2415"]
[PlyCount "64"]
[EventDate "2018.09.24"]
[EventType "team-swiss"]
[EventRounds "11"]
[EventCountry "GEO"]
[SourceTitle "Ajedrez en Madrid"]
[Source "lmi"]
[SourceDate "2018.09.24"]
[WhiteTeam "Iceland"]
[BlackTeam "Cuba"]
[WhiteTeamCountry "ISL"]
[BlackTeamCountry "CUB"]

1. Nf3 d5 2. g3 Nf6 3. Bg2 e6 4. O-O Be7 5. d3 O-O 6. Nbd2 c5 7. e4 Nc6 8. Re1
Qc7 9. Nf1 b5 10. e5 Nd7 11. Bf4 Nd4 12. Nxd4 cxd4 13. h4 Bb7 14. Nh2 Rfc8 15.
Re2 a5 16. Nf3 Qb6 17. h5 a4 18. h6 g6 19. Bh3 b4 20. b3 axb3 21. axb3 Ra3 22.
Rb1 Ra2 23. Bc1 Bf8 24. g4 Qc7 25. Nxd4 Nxe5 26. Kg2 Bc5 27. Be3 Qb6 28. Ra1
Rb2 29. f4 Bxd4 30. Bxd4 Qxd4 31. fxe5 Qf4 32. d4 Rc3 0-1

[Event "43. Olimpiada Batumi 2018 Femenina"]
[Site "Batumi GEO"]
[Date "2018.09.27"]
[Round "4.2"]
[White "Marrero Lopez, Yaniet"]
[Black "Thorsteinsdottir, Gudlaug"]
[Result "1/2-1/2"]
[WhiteElo "2281"]
[BlackElo "1981"]
[PlyCount "79"]
[EventDate "2018.09.24"]
[EventType "team-swiss"]
[EventRounds "11"]
[EventCountry "GEO"]
[SourceTitle "Ajedrez en Madrid"]
[Source "lmi"]
[SourceDate "2018.09.24"]
[WhiteTeam "Cuba"]
[BlackTeam "Iceland"]
[WhiteTeamCountry "CUB"]
[BlackTeamCountry "ISL"]

1. e4 e5 2. Nf3 Nf6 3. Nxe5 d6 4. Nf3 Nxe4 5. Nc3 Nxc3 6. dxc3 Be7 7. Be3 Nc6
8. Bd3 Be6 9. Qe2 Qd7 10. O-O-O a6 11. Kb1 O-O 12. h4 Bf5 13. h5 Bf6 14. Bxf5
Qxf5 15. g4 Qxg4 16. Rdg1 Qe6 17. Qd2 Kh8 18. Bg5 Rae8 19. Nh4 Bxg5 20. Qxg5
Qf6 21. Qg2 Re5 22. Qg4 Rfe8 23. f4 Re4 24. Nf5 g6 25. hxg6 Qxg6 26. Qg5 Qxg5
27. fxg5 Rf4 28. Ng3 Rg4 29. Nh5 Rxg1+ 30. Rxg1 Re5 31. Nf6 Kg7 32. Nh5+ Kg6
33. Nf4+ Kf5 34. Nd3 Re4 35. Rf1+ Ke6 36. Nf4+ Ke5 37. Nd3+ Ke6 38. Nf4+ Ke5
39. Nd3+ Ke6 40. Nf4+ 1/2-1/2

[Event "43. Olimpiada Batumi 2018 Femenina"]
[Site "Batumi GEO"]
[Date "2018.09.27"]
[Round "4.3"]
[White "Davidsdottir, Nansy"]
[Black "Arribas Robaina, Maritza"]
[Result "0-1"]
[WhiteElo "1945"]
[BlackElo "2243"]
[PlyCount "82"]
[EventDate "2018.09.24"]
[EventType "team-swiss"]
[EventRounds "11"]
[EventCountry "GEO"]
[SourceTitle "Ajedrez en Madrid"]
[Source "lmi"]
[SourceDate "2018.09.24"]
[WhiteTeam "Iceland"]
[BlackTeam "Cuba"]
[WhiteTeamCountry "ISL"]
[BlackTeamCountry "CUB"]

1. e4 d6 2. d4 g6 3. c3 Bg7 4. Bd3 Nf6 5. Nf3 O-O 6. O-O Nc6 7. h3 e5 8. dxe5
dxe5 9. Be3 Qe7 10. b4 Rd8 11. Qc2 Nh5 12. Bc5 Qf6 13. Nbd2 Nf4 14. Bc4 Bh6 15.
Be3 g5 16. Nh2 Bf8 17. Ng4 Qg7 18. f3 h5 19. Nf2 Rd6 20. Nb3 Rg6 21. Qd2 Bd6
22. b5 Ne7 23. Rae1 b6 24. a4 a5 25. Nc1 Qf6 26. Nb3 Be6 27. Bxe6 Qxe6 28. Qc2
Qc4 29. Nd2 Ne2+ 30. Rxe2 Qxe2 31. Nd1 Bc5 32. Bxc5 bxc5 33. Rf2 Qe1+ 34. Nf1
Rd8 35. Nb2 Rgd6 36. Kh2 Ng6 37. g3 h4 38. Kg2 hxg3 39. Kxg3 Nf4 40. Nc4 Rh6
41. Kg4 Nxh3 0-1

[Event "43. Olimpiada Batumi 2018 Femenina"]
[Site "Batumi GEO"]
[Date "2018.09.27"]
[Round "4.4"]
[White "Miranda Llanes, Yerisbel"]
[Black "Johannsdottir, Johanna Bjorg"]
[Result "1-0"]
[WhiteElo "2239"]
[BlackElo "1900"]
[PlyCount "67"]
[EventDate "2018.09.24"]
[EventType "team-swiss"]
[EventRounds "11"]
[EventCountry "GEO"]
[SourceTitle "Ajedrez en Madrid"]
[Source "lmi"]
[SourceDate "2018.09.24"]
[WhiteTeam "Cuba"]
[BlackTeam "Iceland"]
[WhiteTeamCountry "CUB"]
[BlackTeamCountry "ISL"]

1. d4 Nf6 2. Nf3 g6 3. c4 Bg7 4. Nc3 O-O 5. e4 d6 6. Be2 Na6 7. O-O e5 8. dxe5
dxe5 9. Be3 c6 10. Qc2 Ng4 11. Bg5 Qe8 12. h3 h6 13. Bc1 Nf6 14. Be3 Nh5 15.
Rfd1 f5 16. a3 f4 17. Bc1 g5 18. b4 g4 19. hxg4 Bxg4 20. Rd6 Nf6 21. c5 Rd8 22.
Bc4+ Kh7 23. Rxd8 Qxd8 24. Nxe5 Qd4 25. Bxa6 Qxe5 26. Bd3 f3 27. Bb2 fxg2 28.
Ne2 Qh5 29. Ng3 Qh3 30. e5+ Kh8 31. exf6 Bxf6 32. Bxf6+ Rxf6 33. Qc3 Qh4 34.
Be4 1-0

[Event "43. Olimpiada Batumi 2018 Femenina"]
[Site "Batumi GEO"]
[Date "2018.09.27"]
[Round "4.1"]
[White "Maksimovic, Masa"]
[Black "Tsolakidou, Stavroula"]
[Result "0-1"]
[WhiteElo "2130"]
[BlackElo "2393"]
[PlyCount "82"]
[EventDate "2018.09.24"]
[EventType "team-swiss"]
[EventRounds "11"]
[EventCountry "GEO"]
[SourceTitle "Ajedrez en Madrid"]
[Source "lmi"]
[SourceDate "2018.09.24"]
[WhiteTeam "Bosnia & Herzegovina"]
[BlackTeam "Greece"]
[WhiteTeamCountry "BIH"]
[BlackTeamCountry "GRE"]

1. e4 c5 2. Nc3 e6 3. Nf3 Nc6 4. d4 cxd4 5. Nxd4 Qc7 6. a3 a6 7. Be3 Nf6 8.
Nxc6 bxc6 9. g3 d5 10. Bg2 Be7 11. O-O O-O 12. exd5 cxd5 13. Bf4 Bd6 14. Bxd6
Qxd6 15. Na4 a5 16. Qd4 Ba6 17. Rfc1 Rac8 18. b3 Qc7 19. c4 dxc4 20. bxc4 Nd7
21. c5 Bb5 22. c6 Ne5 23. Nb6 Rb8 24. a4 Nxc6 25. Qc5 Qxb6 26. axb5 Nd4 27.
Qxb6 Rxb6 28. Bf1 Nb3 29. Rcb1 Nxa1 30. Rxa1 Ra8 31. Ra4 Kf8 32. Bg2 Rab8 33.
Rxa5 Rxb5 34. Ra7 Rb1+ 35. Bf1 R8b2 36. Ra8+ Ke7 37. Ra7+ Kf6 38. Ra3 Rb3 39.
Ra4 g5 40. h3 Rc3 41. Kg2 Rb2 0-1

[Event "43. Olimpiada Batumi 2018 Femenina"]
[Site "Batumi GEO"]
[Date "2018.09.27"]
[Round "4.2"]
[White "Avramidou, Anastasia"]
[Black "Jacimovic, Sara"]
[Result "1-0"]
[WhiteElo "2260"]
[BlackElo "1960"]
[PlyCount "55"]
[EventDate "2018.09.24"]
[EventType "team-swiss"]
[EventRounds "11"]
[EventCountry "GEO"]
[SourceTitle "Ajedrez en Madrid"]
[Source "lmi"]
[SourceDate "2018.09.24"]
[WhiteTeam "Greece"]
[BlackTeam "Bosnia & Herzegovina"]
[WhiteTeamCountry "GRE"]
[BlackTeamCountry "BIH"]

1. d4 Nf6 2. c4 g6 3. Nc3 Bg7 4. e4 d6 5. Bd3 e5 6. d5 Nbd7 7. Nge2 O-O 8. Bc2
Ne8 9. O-O a5 10. Be3 f5 11. exf5 gxf5 12. f4 e4 13. Bd4 Ndf6 14. Qd2 Qe7 15.
Nd1 Qf7 16. Ne3 Qg6 17. Qe1 Rf7 18. Qh4 h6 19. Kh1 Kh7 20. h3 Bf8 21. g4 Be7
22. gxf5 Bxf5 23. Rg1 Ng4 24. Nxf5 Bxh4 25. Nxh4 Qh5 26. Bxe4+ Kg8 27. Rxg4+
Kf8 28. Bg6 1-0

[Event "43. Olimpiada Batumi 2018 Femenina"]
[Site "Batumi GEO"]
[Date "2018.09.27"]
[Round "4.3"]
[White "Mahmutbegovic, Nadina"]
[Black "Pavlidou, Ekaterini"]
[Result "1/2-1/2"]
[WhiteElo "1946"]
[BlackElo "2194"]
[PlyCount "86"]
[EventDate "2018.09.24"]
[EventType "team-swiss"]
[EventRounds "11"]
[EventCountry "GEO"]
[SourceTitle "Ajedrez en Madrid"]
[Source "lmi"]
[SourceDate "2018.09.24"]
[WhiteTeam "Bosnia & Herzegovina"]
[BlackTeam "Greece"]
[WhiteTeamCountry "BIH"]
[BlackTeamCountry "GRE"]

1. e4 c5 2. Nf3 Nc6 3. d4 cxd4 4. Nxd4 e6 5. c4 Qc7 6. Be3 a6 7. a3 Nf6 8. Nc3
Be7 9. Be2 d6 10. O-O Bd7 11. f3 O-O 12. Kh1 Rac8 13. Rc1 Rfd8 14. b4 Qb8 15.
Qb3 Be8 16. b5 Nxd4 17. Bxd4 Nd7 18. Na4 axb5 19. cxb5 Rxc1 20. Rxc1 Rc8 21.
Qb2 Bg5 22. Rxc8 Qxc8 23. Nb6 Nxb6 24. Bxb6 Bf6 25. Qd2 Kf8 26. a4 Ke7 27. a5
h6 28. g3 Bd7 29. Kg2 g5 30. Be3 Bc3 31. Qa2 Bb4 32. a6 bxa6 33. bxa6 Qc3 34.
Bf2 Bc6 35. a7 Ba8 36. Qa4 g4 37. Qb5 gxf3+ 38. Bxf3 f5 39. Qb8 fxe4 40. Qxa8
Qxf3+ 41. Kh3 Qh5+ 42. Kg2 Qf3+ 43. Kh3 Qh5+ 1/2-1/2

[Event "43. Olimpiada Batumi 2018 Femenina"]
[Site "Batumi GEO"]
[Date "2018.09.27"]
[Round "4.4"]
[White "Markantonaki, Haritomeni"]
[Black "Tomic, Jelena"]
[Result "1/2-1/2"]
[WhiteElo "2149"]
[BlackElo "1921"]
[PlyCount "130"]
[EventDate "2018.09.24"]
[EventType "team-swiss"]
[EventRounds "11"]
[EventCountry "GEO"]
[SourceTitle "Ajedrez en Madrid"]
[Source "lmi"]
[SourceDate "2018.09.24"]
[WhiteTeam "Greece"]
[BlackTeam "Bosnia & Herzegovina"]
[WhiteTeamCountry "GRE"]
[BlackTeamCountry "BIH"]

1. e4 d5 2. exd5 Qxd5 3. Nc3 Qa5 4. d4 c6 5. Bc4 Bf5 6. Bd2 e6 7. Nf3 Nf6 8.
Qe2 Qc7 9. O-O-O Bd6 10. Ne5 Nbd7 11. Rhe1 Nb6 12. Bb3 Bxe5 13. dxe5 Nfd5 14.
g4 Bg6 15. f4 Nxc3 16. Bxc3 Nd5 17. Bd2 O-O-O 18. Qf3 h5 19. h3 Kb8 20. Rh1 h4
21. Rde1 Qc8 22. Rhf1 Ne7 23. f5 exf5 24. e6 f6 25. g5 Ka8 26. Rg1 Bh5 27. Qf4
Rh7 28. gxf6 gxf6 29. Bc3 Nd5 30. Bxd5 Rxd5 31. Bxf6 Qe8 32. Qg5 Rc7 33. Qxh4
Rc8 34. Rg7 Bf3 35. Qh7 Qxe6 36. Qh4 Qe3+ 37. Kb1 Qd2 38. a3 Bd1 39. Qb4 Bxc2+
40. Ka2 Qxb4 41. axb4 Be4 42. h4 a6 43. Re7 Rd6 44. Bg7 Bf3 45. Ka3 Rd3+ 46.
Bc3 Rh8 47. R7e3 Rhd8 48. Re7 R3d7 49. Kb3 Be4 50. Rxd7 Rxd7 51. Rg1 Bd5+ 52.
Kc2 Rh7 53. Bf6 f4 54. Re1 b5 55. Re8+ Kb7 56. Re7+ Rxe7 57. Bxe7 Kc7 58. h5
Kd7 59. Bg5 Be4+ 60. Kd2 f3 61. h6 Ke6 62. Ke3 Kf7 63. Bh4 Bd5 64. Bg3 Kg6 65.
Bf4 Kh7 1/2-1/2